000 00362nam a2200133Ia 4500
008 231221s9999 xx 000 0 und d
041 _aEnglish
100 _aAmerican Hotel and Lodging Educational Institute
245 0 _aSafety and Security: everyone's job
260 _bAH&LEI
_aLansing MI
300 _a20 minutes
650 _aQuality,Guest
942 _cCD
999 _c208750
_d208750